00320nam a2200109Ia 4500008004100000041000800041100001900049245006200068260003500130300000800165700003700173250110s9999 xx 000 0 und d aeng aMedankar Netra aGurukul Learning With A Difference Vrindavan Uttarpradesh bFinal Year B. Arch, BNCAc2014 a67p aGuide Name:Sahastrabuddhe Chetan